000
00240nam a2200097Ia 4500
005
20251222175819.0
008
251222s9999||||xx |||||||||||||| ||spa||
082
_a
DVD0070/W17/2003
245
0
_a
Man of Marble:El Hombre de Marmol
942
_c
DVD
999
_c
40442
_d
40442